| 000 | 00509nam a2200169Ia 4500 | ||
|---|---|---|---|
| 999 |
_c36579 _d36579 |
||
| 003 | OSt | ||
| 005 | 20201218112917.0 | ||
| 008 | 190216s9999||||xx |||||||||||||| ||und|| | ||
| 040 | _coclc | ||
| 082 |
_a423.1 _bLEW/T |
||
| 100 |
_aLewis, Norman _96055 |
||
| 245 | 4 |
_aThe New Roget`s Thesaurus In Dictionary Form / _cNorman Lewis |
|
| 260 |
_bGoyal Saab Jawahar Nagar, _c1985. _aDelhi: |
||
| 300 | _a496p | ||
| 650 | _aEnglish Dictionary | ||
| 942 |
_cREF _2ddc _h423.1 _i423.1 _k423.1 _m423.1 |
||